• 首页
  • 本馆介绍
  • 公告通知
  • 最新文献
  • 馆藏检索
  • 电子资源
  • 读者导购
  • 参考咨询
  • 我的图书馆
  • 登录
  • 详细信息显示
  • 放入我的书架
  • 预约/预借图书
  • 作者相关作品
  • 分类相关作品
  • 丛书相关作品
  • 出版社相关作品

书目信息

  • 表格格式
  • 工作单格式
  • 卡片格式
题名:
哈贝马斯科学观研究
    
 
作者: 罗红兵 著
分册:  
出版信息: 北京   人民出版社  2018
页数: 210页
开本: 24cm
丛书名:
单 册:
中图分类: B516.59 , G301
科图分类:
主题词:
电子资源:
ISBN: 978-7-01-019492-9
000 01041nam0 2200265 4545
001 012001008754
005 20140102113352.0
010    @a978-7-01-019492-9@dCNY48.00
100    @a20180930d2018 kemy0chiy50 ea
101 0  @achi
102    @aCN@b110000
105    @ay v 000yy
106    @ar
200 1  @a哈贝马斯科学观研究@9ha bei ma si ke xue guan yan jiu@b专著@dResearch on Habermas's view of science@f罗红兵著@zeng
210    @a北京@c人民出版社@d2018
215    @a210页@d24cm
300    @a当代中国马克思主义哲学研究书系
330    @a本书主要以哈贝马斯的科技意识形态理论、认识兴趣理论、交往行动理论为线索来研究其科学观。全书共分六章,主要内容有:哈贝马斯科学观的思想来源、现实背景与形成过程;技术的兴趣:经验-分析的科学;实践的兴趣:历史-解释的科学等。
510 1  @aResearch on Habermas's view of science@zeng
600  0 @a哈贝马斯@c(Habermas, Jurgen@f1929- )@x科学观@x研究
690    @aB516.59@v5
690    @aG301@v5
701  0 @a罗红兵@9luo hong bing@4著
801  2 @aCN@b上海新华@c20191020
905    @b1185699-702@dB516.59@e224@f4
    
    哈贝马斯科学观研究=Research on Habermas's view of science/罗红兵著.-北京:人民出版社,2018
    210页;24cm
    当代中国马克思主义哲学研究书系
    
    ISBN 978-7-01-019492-9:CNY48.00
    本书主要以哈贝马斯的科技意识形态理论、认识兴趣理论、交往行动理论为线索来研究其科学观。全书共分六章,主要内容有:哈贝马斯科学观的思想来源、现实背景与形成过程;技术的兴趣:经验-分析的科学;实践的兴趣:历史-解释的科学等。
●
相关链接 在E读中查询图书 在五车中查询图书 在当当中查询图书 在豆瓣中查询图书


正题名:哈贝马斯科学观研究     索取号:B516.59/224         预约/预借

序号 登录号 条形码 馆藏地/架位号 状态 备注
1 1185699   211856990   第一样本阅览室/ [索取号:B516.59/224] 在馆    
2 1185700   211857007   第一借阅区/ [索取号:B516.59/224] 在馆    
3 1185701   211857016   第一借阅区/ [索取号:B516.59/224] 在馆    
4 1185702   211857025   第一借阅区/ [索取号:B516.59/224] 在馆    
唐山师范学院图书馆 欢迎您!
大连网信软件有限公司© 版权所有